| 000 | 00824nam a2200241Ia 4500 | ||
|---|---|---|---|
| 003 | OSt | ||
| 005 | 20220926021125.0 | ||
| 006 | a|||||r|||| 00| 0 | ||
| 007 | ta | ||
| 008 | 220923b |||||||| |||| 00| 0 eng d | ||
| 037 | _cGeneral Book | ||
| 040 |
_aRTL _cRTL _beng |
||
| 041 |
_2eng _aeng |
||
| 082 | _aV1N45, 93:3(X:bE). N85<-N84r, M3-7/UN | ||
| 110 |
_aUNITED NATION, GENERAL ASSEMBLY/ _9311650 |
||
| 245 | 0 |
_aFirst Report on the propsed programme budget for the biennium 1984-1985 _b Official records, thirty eight session. |
|
| 260 |
_aNew York _bU.N _c1984 |
||
| 300 |
_axii, 191p. _ccm. |
||
| 500 | _aSupplement no.7 | ||
| 700 |
_aUNITED NATION, GENERAL ASSEMBLY/ _9311651 |
||
| 942 |
_hV1N45, 93:3(X:bE). N85<-N84r, M3-7/UN _cGB _2CC |
||
| 999 |
_c635858 _d635858 |
||